Advanced materials for sports equipment: how advanced materials help optimize sporting performance and make sport safer

Salvato in:
Dettagli Bibliografici
Autore principale: Easterling, Kenneth E (Autore)
Natura: Libro
Lingua:inglese
Pubblicazione: Londres Chapman and Hall 1993
Soggetti:
Tags: Aggiungi Tag
Nessun Tag, puoi essere il primo ad aggiungerne!!

MARC

LEADER 00000nam a2200000 a 4500
001 UCV9679
003 CL-VaPUC
008 930316e19930000UK |||||||||||||||||eng|d
082 0 4 |a 678  |b EAS  |2 21 
100 0 |a Easterling, Kenneth E  |e author  |9 303698 
245 1 0 |a Advanced materials for sports equipment: how advanced materials help optimize sporting performance and make sport safer 
300 |a 127 p 
942 |c BK 
945 |d 19930316 00:00:00 
260 |a Londres  |b Chapman and Hall  |c 1993 
650 7 |a PRODUCTOS SINTETICOS  |2 CL-VaPUC  |9 267416 
583 |a last modification  |c 19930316 00:00:00  |k Rodrigo Vera 
999 |c 214981  |d 214979 
952 |0 0  |1 0  |4 0  |6 678_000000000000000_EAS_1993  |7 0  |8 A  |9 198855  |a BIBARQ  |b BIBARQ  |d 2019-11-14  |i 2662310  |o 678 EAS 1993  |p 2662310  |r 2024-01-16  |w 2019-11-14  |y BK  |k ARQ